00491cam a22002051 4500001001300000003000400013005001700017008004100034010001700075020001100092040001800103050002100121100002600142245003000168260001600198300002000214500001500234500001900249999001700268sa 68020997 DLC20260227112728.0080422s1964 xx 000 0 snd  asa 68020997  cRsl.50 aDLCcDLCdDLC00aPK2788.9.M57bC30 aMohan Kalpana,d1930-10aCāndinī ʻain zahiru. an.p.c1964. a95 p. ;c19 cm. aIn Sindhi. aShort stories. c89633d89633